000
00245nam a22001097a 4500
082
_a
954.912 SPA'P
100
_a
SPAIN, JAMES W
_9
46782
245
_a
THE PATHAN BORDERLAND
260
_a
HAZUE
_b
MOUTHON & CO
_c
1963
300
_a
293P
942
_c
BK
999
_c
584420
_d
584420